000 00426cam a2200169ua 4500
020 _c1.25
041 _amal
_h
082 _a894.812301
_bKAR/KV
100 _aKarunakaran, Kambissery .
245 _aKure sambhava kathakal /
_cKambissery Karunakaran.
_hTextual Documents
260 _aThrissur :
_bCurrent Books ,
_c1964.
300 _a82 ; .
365 _a1.25
504 _a
942 _cBK
999 _c6481
_d6481